| 000 | 01821nam a2200373 c 4500 | ||
|---|---|---|---|
| 003 | BLK | ||
| 005 | 20240513164416.0 | ||
| 008 | 180408b bul|||||r ||||||| ||bul|| | ||
| 010 | _aKNG00088354000 | ||
| 020 |
_a978-954-320-207-2 _bиздат.: Рива |
||
| 040 | _aBLK | ||
| 041 |
_aBUL _cBUL |
||
| 080 |
_aГеография, обща _b911 _x(02.062) _z911(02.062) |
||
| 080 |
_aСоциография. Социално положение. Условия на политическия и социалния живот. Социално и социално-икономическо положение на отделните страни, народи, раси. Социална география. (Общи въпроси) _b308 _x(100)(02.062) _z308(100)(02.062) |
||
| 100 | 1 |
_aБаро, Жан-Клод _eпърви автор _9301125 |
|
| 700 | 1 |
_aБиго, Гийом _eсъавт. _938942 |
|
| 700 | 1 |
_aВенова, Нина _eпрев. от фр. _9367694 |
|
| 139 |
_aБаро, Жан-Клод и др. _bБ 26 |
||
| 245 | 1 | 0 |
_aГеография на света _cЖан-Клод Баро; съавт. Гийом Биго; прев. от фр. Нина Венова. |
| 257 | _aFRA | ||
| 260 |
_аСофия _bРива _c2008 _fВ. Търново : Абагар |
||
| 300 |
_a304 с. _bс к. _c23 см |
||
| 380 | _a91 | ||
| 500 | _aОриг. загл. Toute la geographie du monde / Jean-Claud Barreau, Guillaume Bigot. - Офс. изд. - Списък на картите. | ||
| 650 | 4 |
_aСвят - география _9242274 |
|
| 651 | 4 |
_aСвят _9179507 |
|
| 653 | _aгеография | ||
| 852 | _aЦб 243235 | ||
| 856 | 4 |
_qpdf _u |
|
| 856 | 4 |
_qpdf _u |
|
| 942 |
_cKNG _n0 _015 |
||
| 944 |
_aCR _c17.03.2009 _lГалина Якимова _k30564 |
||
| 944 |
_aED _c02.11.2010 _lф / _k |
||
| 999 |
_c83788 _d83788 |
||